Bundesligavereine nach ihrer Gründung - Statistiken

Allgemein
  • Dieses Quiz wurde 46 mal gespielt
  • Das Durchschnittsergebnis liegt bei 11 aus 18
Antwortstatistiken
Gründungsdatum Klub % Korrekt
29.09.1887 Hamburger SV
88%
19.12.1909 Borussia Dortmund
83%
09.09.1893 VfB Stuttgart
80%
19.05.2009 RB Leipzig
78%
01.07.1899 TSG 1899 Hoffenheim
78%
27.02.1900 FC Bayern München
70%
13.02.1948 1.FC Köln
63%
01.07.1904 Bayer 04 Leverkusen
63%
16.03.1905 1.FSV Mainz 05
60%
12.09.1945 VfL Wolfsburg
58%
04.02.1899 SV Werder Bremen
55%
20.01.1966 1.FC Union Berlin
53%
01.08.1900 Borussia Mönchengladbach
50%
08.08.1907 FC Augsburg
50%
15.05.1910 FC St. Pauli
50%
27.05.1972 1.FC Heidenheim
48%
08.03.1899 Eintracht Frankfurt
43%
30.05.1904 SC Freiburg
38%
Keine übereinstimmenden Quizze gefunden
Verteilung der Resultate
Anzahl Personen mit jedem Resultat
Perzentil nach korrekt beantworteten Fragen
Ihre Resultats-Entwicklung
Sie haben dieses Quiz noch nicht gespielt